[Event "South America-ch U14 Girls 16th"]
[Site "Buenos Aires"]
[Date "2019.12.01"]
[Round "1.9"]
[White "Bustillos, Natalia"]
[Black "Vela Minaya, Jackeline Andrea"]
[Result "1-0"]
[WhiteElo "1585"]
[BlackElo "1039"]
[PlyCount "80"]
[EventDate "2019.12.01"]
[EventType "swiss"]
[EventRounds "9"]
[EventCountry "ARG"]
[SourceTitle "EXT 2024"]
[Source "ChessBase"]
[SourceDate "2023.10.10"]
[SourceVersion "1"]
[SourceVersionDate "2023.10.10"]
[SourceQuality "1"]

1. d4 Nf6 2. c4 e6 3. Nc3 d5 4. Nf3 Bb4 5. a3 Bxc3+ 6. bxc3 0-0 7. e3 b6 8. Bd3 dxc4 9. Bxc4 Bb7 10. 0-0 Nbd7 11. Re1 Ne4 12. Bb2 Kh8 13. Bd3 c5 14. Nd2 f5 15. f3 Nxd2 16. Qxd2 Qg5 17. Qf2 e5 18. f4 exf4 19. exf4 Qh5 20. Re7 Bc6 21. d5 Ba4 22. c4 Nf6 23. Rae1 Rfe8 24. Qg3 Rxe7 25. Rxe7 Rg8 26. Be2 Qg6 27. Qxg6 hxg6 28. Rxa7 Bb3 29. d6 Ne4 30. Rxg7 Nxd6 31. Rd7+ Rg7 32. Rxd6 Kh7 33. Bxg7 Kxg7 34. Rxb6 Bc2 35. Rc6 Be4 36. Rxc5 Kf6 37. Re5 g5 38. g3 gxf4 39. gxf4 Kg6 40. a4 Kf6 1-0